000 01053cam a22002894a 4500
001 66705
003 BD-RjUL
005 20211209081553.0
008 170319s2001 nyua b 001 0 eng
020 _a0471386790 (cl. : acidfree paper)
035 _a(BD-RjUL)66836
040 _aDLC
_cDLC
_dBD-RjUL
_beng
041 _aeng
082 0 0 _a621.3192
_223
_bTHA 2001
100 1 _aThomas, Roland E.,
_d1930-
_9197465
245 1 4 _aThe analysis and design of linear circuits /
_cRoland E. Thomas, Albert J. Rosa.
250 _a3rd ed.
260 _aNew York :
_bWiley,
_cc2001.
300 _a832 :
_bill. ;
_c27 cm.
504 _aIncludes bibliographical references and index.
650 0 _aElectric circuit analysis.
_9197466
650 0 _aElectric circuits, Linear
_xDesign and construction.
_9197467
700 1 _aRosa, Albert J.,
_d1942-
_9197468
856 4 2 _3Publisher description
_uhttp://www.loc.gov/catdir/description/wiley035/00023753.html
856 4 _3Table of Contents
_uhttp://www.loc.gov/catdir/toc/onix06/00023753.html
942 _2ddc
_cBK
999 _c66705
_d66705